ロード中...
Resource transfer and debt trap
| 第一著者: | |
|---|---|
| フォーマット: | Printed Book |
| 出版事項: |
New Delhi, Ashish Publishing House
1988
|
| シリーズ: | 1
New world order series |
| 主題: |
| LEADER | 007310000a22002410004500 | ||
|---|---|---|---|
| 015 | |a M | ||
| 020 | |a 81-7024-183-9 | ||
| 041 | |a Eng | ||
| 082 | |a 337 M7.5-1 | ||
| 100 | |a Singer, H W |f Ed | ||
| 245 | |a Resource transfer and debt trap | ||
| 260 | |a New Delhi, Ashish Publishing House | ||
| 260 | |c 1988 | ||
| 490 | |a 1 |c Includes references | ||
| 490 | |a New world order series |c 5 | ||
| 650 | |a Developing countries | ||
| 650 | |a Foreign aid | ||
| 650 | |a International finance | ||
| 650 | |a International liquidity | ||
| 650 | |a International monetary fund | ||
| 942 | |c BK | ||
| 999 | |c 140213 |d 140209 | ||
| 952 | |0 0 |1 0 |4 0 |6 337_000000000000000_M7_51 |7 0 |9 138996 |a SIRP |b SIRP |d 2017-10-05 |l 0 |o 337 M7.5-1 |p SIRP01656 |r 2017-10-05 |w 2017-10-05 |y BK | ||